La Financiación de la política en Iberoamerica /
Spremljeno u:
| Glavni autor: | |
|---|---|
| Autor kompanije: | |
| Daljnji autori: | |
| Format: | Tekst |
| Izdano: |
San José:
Instituto Interamericano de Derechos Humanos
|
| Teme: | |
| Oznake: |
Dodaj oznaku
Bez oznaka, Budi prvi tko označuje ovaj zapis!
|
MARC
| LEADER | 00000 a a2200000 04500 | ||
|---|---|---|---|
| 001 | 31175 | ||
| 003 | |||
| 040 | |||
| 020 | |a 9968-778-21-4 | ||
| 090 | |a 196102 | ||
| 100 | |a Castillo, Pilar del | ||
| 110 | |a Instituto Interamericano de Derechos Humanos | ||
| 245 | |a La Financiación de la política en Iberoamerica / |c Pilar del Castillo | ||
| 260 | |a San José: |b Instituto Interamericano de Derechos Humanos | ||
| 300 | |a 736 p. | ||
| 650 | |a FINANCIAMIENTO DE LA POLITICA | ||
| 650 | |a CORRUPCION | ||
| 650 | |a DEMOCRATIZACION | ||
| 650 | |a COSTA RICA | ||
| 700 | |a edit. |a Zovatto G., Daniel |a edit. | ||
| 999 | |c 13859 |d 13859 | ||



